La Mujer Médica en la sociedad Dominicana (Record no. 8142)

MARC details
000 -LEADER
campo de control de longitud fija 00391nam a2200145Ia 4500
001 - NÚMERO DE CONTROL
campo de control 4086
008 - DATOS DE LONGITUD FIJA--INFORMACIÓN GENERAL
campo de control de longitud fija 241024s9999 xx 000 0 und d
020 ## - NÚMERO INTERNACIONAL ESTÁNDAR DEL LIBRO
Número Internacional Estándar del Libro 978-9945-481-54-9
082 ## - NÚMERO DE LA CLASIFICACIÓN DECIMAL DEWEY
Número de clasificación RD/610.082/SA194s
100 ## - ENTRADA PRINCIPAL--NOMBRE DE PERSONA
Nombre de persona Fernando Sánchez Martínez
245 #0 - MENCIÓN DEL TÍTULO
Título La Mujer Médica en la sociedad Dominicana
260 ## - PUBLICACIÓN, DISTRIBUCIÓN, ETC.
Nombre del editor, distribuidor, etc. Santo Domingo
Fecha de publicación, distribución, etc. 2016
901 ## - ELEMENTOS DE DATOS A LOCAL LDA (RLIN)
a 20/5/2016 12:02:06 p.m.

No items available.

© 2024. Todos los Derechos Reservados. Desarrollado por IDEICE